000 00307nam a22001457a 4500
008 210305b ||||| |||| 00| 0 eng d
020 _a9780070682863
041 _aeng
080 _25th
_a53
082 _a53
100 _a43
101 _aFIZ
245 _aThermodynamics
_cWark, K. J
942 _2udc
_cBK
999 _c55868
_d55868